00837nam a2200229Ia 4500003000400000005001700004008004100021020002900062040001700091082001900108100001300127245007600140260002800216300001500244650002900259650002700288700001800315942000900333952012600342952012600468999001300594IIN20240124155518.0231217s9999 xx 000 0 und d cRs.695.00a9789386006875 aIINbEnglish a610.73 bANB1 aAnbu, T.1 aNursing Exam Booster First Year B.Sc. NursingcT.Anbu and G. Loganathan bEMMESSaBangalorec2019 aiv, 550 p.1 aQuestion SolvedvNursing1 aExam BoostervNursing 1 aLoganathan, G cBOOK 00102ddc40708Purches BookaIINbIINd2023-12-17g695.00l0o610.73 ANBp595r2023-12-17 21:32:22w2023-12-17yBOOK 00102ddc40708Purches BookaIINbIINd2023-12-17g695.00l0o610.73 ANBp596r2023-12-17 21:32:22w2023-12-17yBOOK c600d600